All the colors of the rainbow / (Record no. 2241)

MARC details
000 -LEADER
fixed length control field 00882pam a2200301 a 4500
005 - DATE AND TIME OF LATEST TRANSACTION
control field 20250829142658.0
020 ## - INTERNATIONAL STANDARD BOOK NUMBER
International Standard Book Number 0516208012
020 ## - INTERNATIONAL STANDARD BOOK NUMBER
International Standard Book Number 051626415X
020 ## - INTERNATIONAL STANDARD BOOK NUMBER
International Standard Book Number 9780516264158
040 ## - CATALOGING SOURCE
Original cataloging agency DLC
Transcribing agency DLC
Modifying agency DLC
Language of cataloging eng
050 00 - LIBRARY OF CONGRESS CALL NUMBER
Classification number QC976.R2
Item number F69 1998
082 00 - DEWEY DECIMAL CLASSIFICATION NUMBER
Classification number 551.56/7
Edition number 21
100 1# - MAIN ENTRY--PERSONAL NAME
Personal name Fowler, Allan
245 10 - TITLE STATEMENT
Title All the colors of the rainbow /
Statement of responsibility, etc. by Allan Fowler
260 ## - PUBLICATION, DISTRIBUTION, ETC.
Place of publication, distribution, etc. New York :
Name of publisher, distributor, etc. Scholastic,
Date of publication, distribution, etc. 1998
300 ## - PHYSICAL DESCRIPTION
Extent 31 pages :
Other physical details Illustrations
Dimensions 18 cm
500 ## - GENERAL NOTE
General note Includes index.
505 ## - FORMATTED CONTENTS NOTE
Formatted contents note K
520 ## - SUMMARY, ETC.
Summary, etc. Explains how rainbows are formed by the colors in sunlight shining through water.
521 ## - TARGET AUDIENCE NOTE
Target audience note 590
Source Lexile
521 ## - TARGET AUDIENCE NOTE
Target audience note K
Source Raz-Plus
650 #0 - SUBJECT ADDED ENTRY--TOPICAL TERM
Topical term or geographic name entry element Rainbows
Form subdivision Juvenile literature.
650 #0 - SUBJECT ADDED ENTRY--TOPICAL TERM
Topical term or geographic name entry element Colors
Form subdivision Juvenile literature.
650 #1 - SUBJECT ADDED ENTRY--TOPICAL TERM
Topical term or geographic name entry element Rainbows.
906 ## - LOCAL DATA ELEMENT F, LDF (RLIN)
a 7
b cbc
c orignew
d 1
e ocip
f 19
g y-gencatlg
942 ## - ADDED ENTRY ELEMENTS (KOHA)
Source of classification or shelving scheme Dewey Decimal Classification
Koha item type Books
Suppress in OPAC No
999 ## -
-- 2241
-- 2241
Holdings
Withdrawn status Lost status Source of classification or shelving scheme Damaged status Not for loan Collection Home library Current library Shelving location Date acquired Total Checkouts Full call number Barcode Date last seen Date last checked out Price effective from Koha item type Copy number
    Dewey Decimal Classification     Non-Fiction Footprints International School Library Network Toul Kork Campus Footprints International School Library Network Toul Kork Campus TK Primary Library Room(4th Floor), Bookcase 3&4, Shelves 17-32, Yellow Books 11/13/2023 1 FOW 551.56/7 QC976.R2 FISBK02033 12/03/2024 08/23/2024 11/13/2023 Books  
    Dewey Decimal Classification     Non-Fiction Footprints International School Library Network Toul Tom Poung Campus Footprints International School Library Network Toul Tom Poung Campus TTP Primary Yellow Bookshelves 08/29/2025 2 FOW 551.56/7 QC976.R2 FISBK02034 11/19/2025 10/03/2025 08/29/2025 Books 2